000
003140000a22001450004500
003
MACL
040
_a
MACL
090
_c
46127
_d
46125
100
_a
Aggarwal, Dr R S
245
_a
Verbal & Non Verbal Reasoning
260
_b
S Chand & Company Ltd
_c
2012
350
_a
675
650
_a
Logic
942
_c
BOOK
_k
160
999
_c
45649
_d
45649